000 01436nam a22003017i 4500
003 DO-SdBNP
005 20231023145145.0
007 ta
008 231023b2002 dr a|||| |||| 00| 0 spa d
020 _a9993425230
040 _aDO-SdBNP
_bspa
_cBNPHU
_erda
100 _aBáez, Clara
_99467
_eautora
245 1 0 _aOferta y demanda de información y capacitación para un mejor relacionamiento institucional Estado-Sociedad Civil /
_cClara Báez ; con la colaboración de Mariví Arregui ; edición, Guadalupe Valdez ; corrección, Sulamita Puig.
264 _aSanto Domingo :
_bInstituto Tecnológico de Santo Domingo,
_bBanco Interamericano de Desarrollo,
_c2002.
300 _a xvi, 119 páginas :
_bilustraciones ;
_c28 cm.
336 _2rdacontent
_atexto
_btxt
337 _2rdamedia
_asin mediación
_bn
338 _2rdacarrier
_avolumen
_bnc
490 0 _aSociedad Civil
_aDocumentos de Trabajo
_v15
500 _aA cabeza de portada: Programa de Fortalecimiento de Organizaciones de la Sociedad Civil. A cabeza de la caratula: Las Organizaciones de la Sociedad Civil en la República DominicanaNotas a pie de página
590 _aInventariado, 2023 /LP
700 1 _aArregui, Mariví,
_ecolaboración
_92236
700 1 _aValdez, Guadalupe,
_eedición
_914014
700 1 _aPuig, Sulamita,
_ecorrección
_937790
830 _aSociedad Civil
_n15
_pDocumentos de Trabajo
_984514
910 _alopérez
942 _2ddc
_cLBS1
999 _c55253
_d55253